000 00878nam a2200337 4500
001 044533
003 DO-SdBNP
005 20180221093200.0
007 044533
008 950627s 2000 sp | |||| ||spa
016 7 _a
_2BPMSU
017 _a
_b
020 _a843481174X
035 _a
040 _aBPMSU
_bspa
_cBPMSU
_e
041 1 _aspa
_h
080 0 _a
100 1 _aLobe, Mira,
_d1913-
240 1 4 _a Das Schlosgespenst
_lEspañol.
245 1 3 _aEl fantasma de palacio /
_cMira Lobe ; ilustraciones Susi Weigel
_h
250 _a27ª ed.
260 _aMadrid :
_bSM,
_c2000
300 _a75 p. ;
_bil.:
_c19 cm.
490 1 _aEl barco de vapor.
_v5
700 1 2 _aWeigel, Susi,
_eil.
700 1 _a
830 3 _aEl barco de vapor
_v5
_p
942 _2ddc
_cBK
945 _aInventariado, 2018 /LP
956 _aVMATEO
_210
_320160412
_6BPMSU
_80069
999 _c9696
_d9696